00510 a2200157 4500020001800000050002100018100002700039245006800066264003900134300002700173440004100200500001900241504004100260650003100301650002000332 a978061806338300aHQ 1236.F66 20021 aFord, Lynne E.eauthor10aWomen and politics :bthe pursuit of equality /cLynne E. Ford. aBoston:bHoughton Mifflin, c2002. axvii, 316 p. :bill. ; 0aNew directions in political behavior aincludes index aIncludes bibliographical references  0aWomenxPolitical activity. 0aWomen's rights.